000 00652nam a22002177a 4500
003 BUBTL
008 180528b xxu||||| |||| 00| 0 eng d
020 _a0-07-287252-7
082 _a515.9
_bBRC
100 _9806
_aBrown,James Ward/ Churchill,Ruel V.
245 _aComplex Variables and Applcatios
_cBrown,James Ward/ Churchill,Ruel V.
250 _a7th
260 _aBoston
_bMc Graw Hill
_c2004
300 _a[xvi] . 458p . :
_b21cm ,
500 _aIncludes Index .
650 0 _9124
_aMathematics
700 _9806
_aBrown,James Ward/ Churchill,Ruel V.
856 _k0
_l0
_yDownload
942 _2ddc
_cBK
999 _c5731
_d5731